000
00227nam a22001097a 4500
999
_c
262465
_d
262464
020
_a
9780545130479
100
_a
Abby Klein
245
_a
Going Batty
260
_a
New York
_b
Scholastic
_c
2010
300
_a
95 pgs
942
_c
BK